ALL Tennessee Cities - Statistics

General Stats
  • This quiz has been taken 207 times
  • The average score is 38 of 345
Answer Stats
County City / Town % Correct
N Davidson Nashville
95%
M Shelby Memphis
92%
K Knox Knoxville
88%
C Hamilton Chattanooga
77%
M Rutherford Murfreesboro
62%
F Williamson Franklin
61%
J Madison Jackson
56%
C Montgomery Clarksville
53%
J Washington, Carter, and Sullivan Johnson City
53%
G Sevier Gatlinburg
51%
P Sevier Pigeon Forge
51%
B Sullivan Bristol
47%
H Chester Henderson
43%
S Sevier Sevierville
42%
K Sullivan and Hawkins Kingsport
39%
C Putnam Cookeville
38%
D Gibson Dyer
37%
S Robertson Springfield
37%
F Lincoln Fayetteville
36%
G Shelby Germantown
36%
D Dickson Dickson
34%
O Anderson and Roane Oak Ridge
34%
H Sumner Hendersonville
32%
C Bradley Cleveland
31%
B Williamson Brentwood
30%
C Maury Columbia
30%
A McMinn Athens
29%
C Shelby Collierville
29%
L Wilson Lebanon
29%
P Henry Paris
29%
S Rutherford Smyrna
29%
U Obion Union City
29%
S Bedford Shelbyville
28%
C Cumberland Crossville
27%
D Dyer Dyersburg
27%
G Greene Greeneville
27%
M Blount Maryville
27%
J Jefferson Jefferson City
25%
D Meigs Decatur
24%
B Shelby Bartlett
23%
G Sumner Gallatin
23%
G Gibson Gibson
23%
L Loudon Loudon
23%
L Moore Lynchburg
23%
M Coffee Manchester
23%
M Warren McMinnville
23%
O Obion Obion
23%
L Macon Lafayette
22%
M Wilson Mount Juliet
22%
A Robertson Adams
21%
A Shelby Arlington
21%
B Polk Benton
21%
K Roane Kingston
21%
M Weakley Martin
21%
S DeKalb Smithville
21%
J Fentress Jamestown
20%
M Hamblen Morristown
20%
F Knox Farragut
19%
S Hardin Savannah
19%
S Maury and Williamson Spring Hill
19%
L Rutherford La Vergne
18%
L Lawrence Lawrenceburg
18%
N Cocke Newport
18%
P Sumner Portland
18%
P Giles Pulaski
18%
T Coffee and Franklin Tullahoma
18%
C Anderson Clinton
17%
C Tipton Covington
17%
G Davidson and Sumner Goodlettsville
17%
L Henderson Lexington
17%
D Rhea Dayton
16%
S Hamilton Soddy-Daisy
16%
B Haywood Brownsville
15%
M Monroe Madisonville
15%
M Gibson Milan
15%
U Unicoi Unicoi
15%
C Benton Camden
14%
H Henry Henry
14%
J Marion Jasper
14%
L Loudon Lenoir City
14%
M Shelby Millington
14%
R Lauderdale Ripley
14%
S Marion South Pittsburg
14%
S White Sparta
14%
W Sumner and Robertson White House
14%
A McNairy and Hardin Adamsville
13%
L Marshall Lewisburg
13%
N Williamson Nolensville
13%
R Gibson Rutherford
13%
S Monroe and McMinn Sweetwater
13%
A Crockett Alamo
12%
A Blount Alcoa
12%
B Hardeman Bolivar
12%
C Smith Carthage
12%
D Stewart Dover
12%
E Carter Elizabethton
12%
L Shelby Lakeland
12%
M Grundy and Marion Monteagle
12%
O Fayette Oakland
12%
S McNairy Selmer
12%
S Fayette Somerville
12%
T Lake Tiptonville
12%
W Humphreys Waverly
12%
W Wayne Waynesboro
12%
C Hickman Centerville
11%
E Unicoi Erwin
11%
H Roane Harriman
11%
H Gibson Humboldt
11%
M Johnson Mountain City
11%
M Maury Mount Pleasant
11%
T Blount Townsend
11%
W Franklin Winchester
11%
B Davidson Belle Meade
10%
C Bradley Charleston
10%
C Dickson Charlotte
10%
D Sequatchie Dunlap
10%
E Hamilton East Ridge
10%
F Williamson Fairview
10%
H Lewis Hohenwald
10%
L Campbell LaFollette
10%
M Tipton Mason
10%
M Carroll, Henry, and Weakley McKenzie
10%
O Scott Oneida
10%
S Hamilton Signal Mountain
10%
A Tipton Atoka
9%
D Polk Ducktown
9%
G Robertson Greenbrier
9%
H Lauderdale Halls
9%
J Washington Jonesborough
9%
L Hamilton Lookout Mountain
9%
M Fayette Moscow
9%
A DeKalb Alexandria
8%
A Cheatham Ashland City
8%
B Tipton Brighton
8%
C Hamilton Collegedale
8%
E Rutherford Eagleville
8%
G Smith Gordonsville
8%
H Trousdale Hartsville
8%
H Scott Huntsville
8%
J Campbell Jellico
8%
K Cheatham Kingston Springs
8%
L Perry Linden
8%
L Overton Livingston
8%
L Blount Louisville
8%
M Union Maynardville
8%
M Putnam Monterey
8%
M Tipton Munford
8%
N Anderson Norris
8%
O Davidson Oak Hill
8%
O Anderson, Morgan, and Roane Oliver Springs
8%
R Hamilton Red Bank
8%
R Roane Rockwood
8%
T Monroe Tellico Plains
8%
T Williamson Thompson's Station
8%
T Gibson Trenton
8%
W Morgan Wartburg
8%
W Hardeman Whiteville
8%
W Cannon Woodbury
8%
C Marshall Chapel Hill
7%
C Stewart Cumberland City
7%
E Houston Erin
7%
G Hardeman and Fayette Grand Junction
7%
G Weakley Greenfield
7%
H Carroll Huntingdon
7%
J Campbell Jacksboro
7%
P Loudon Philadelphia
7%
R Macon Red Boiling Springs
7%
R Hawkins Rogersville
7%
B Bedford Bell Buckle
6%
B Crockett Bells
6%
B Pickett Byrdstown
6%
C McMinn Calhoun
6%
C Claiborne Cumberland Gap
6%
D Jefferson Dandridge
6%
D Weakley Dresden
6%
G Loudon Greenback
6%
N Dyer Newbern
6%
P Decatur Parsons
6%
W Wilson Watertown
6%
A Putnam Algood
5%
A Grundy Altamont
5%
B Putnam Baxter
5%
B McNairy Bethel Springs
5%
B Gibson Bradford
5%
B Carroll Bruceton
5%
C Clay Celina
5%
C Wayne Clifton
5%
C Cumberland Crab Orchard
5%
C Robertson Cross Plains
5%
D Decatur Decaturville
5%
F McNairy Finger
5%
F Crockett Friendship
5%
G Jackson Gainesboro
5%
G Fayette Gallaway
5%
K Gibson and Obion Kenton
5%
K Marion Kimball
5%
L Fayette La Grange
5%
L DeKalb Liberty
5%
M Gibson Medina
5%
M Sumner and Robertson Millersville
5%
P Cheatham Pegram
5%
P Bledsoe Pikeville
5%
R Blount Rockford
5%
R Fayette Rossville
5%
S Hancock Sneedville
5%
S Van Buren Spencer
5%
S Rhea Spring City
5%
T Claiborne Tazewell
5%
T Obion Troy
5%
V Monroe Vonore
5%
W Sumner Westmoreland
5%
A Fentress Allardt
4%
B Grainger Bean Station
4%
B Davidson Berry Hill
4%
B Fayette Braden
4%
B Dickson Burns
4%
C Campbell Caryville
4%
C Marshall Cornersville
4%
E McMinn Etowah
4%
F Blount Friendsville
4%
G Lauderdale Gates
4%
G Grundy Gruetli-Laager
4%
H Carroll Hollow Rock
4%
M Crockett Maury City
4%
M Hardeman Middleton
4%
M McNairy, Chester, and Hardin Milledgeville
4%
M Warren Morrison
4%
P Grundy Palmer
4%
P Henderson Parker's Crossroads
4%
P Cheatham Pleasant View
4%
P Henry Puryear
4%
S Obion Samburg
4%
T Madison Three Way
4%
T Grundy Tracy City
4%
W Dickson White Bluff
4%
W Marion Whitwell
4%
A Giles Ardmore
3%
A Carroll Atwood
3%
B Grundy Beersheba Springs
3%
B Tipton Burlison
3%
C Robertson Cedar Hill
3%
C Carroll Clarksburg
3%
C Grundy Coalmont
3%
C Wayne Collinwood
3%
C Robertson Coopertown
3%
C Polk Copperhill
3%
C Henry Cottage Grove
3%
C Franklin Cowan
3%
C Hardin Crump
3%
D Franklin Decherd
3%
D White Doyle
3%
E Chester and McNairy Enville
3%
F Davidson Forest Hills
3%
G Tipton Garland
3%
G Weakley Gleason
3%
G McNairy Guys
3%
H Claiborne Harrogate
3%
H Lauderdale Henning
3%
H Obion Hornbeak
3%
H Franklin Huntland
3%
L Perry Lobelville
3%
L Lawrence Loretto
3%
L Union Luttrell
3%
M Humphreys McEwen
3%
M Sumner Mitchellville
3%
M Greene Mosheim
3%
N Marion New Hope
3%
N Humphreys New Johnsonville
3%
N Claiborne New Tazewell
3%
N McMinn Niota
3%
O Robertson Orlinda
3%
O Marion Orme
3%
P Lincoln and Marshall Petersburg
3%
P Fayette Piperton
3%
P Sevier Pittman Center
3%
P Union Plainview
3%
P Marion Powell's Crossroads
3%
R McNairy Ramer
3%
R Robertson and Davidson Ridgetop
3%
R Grainger Rutledge
3%
S Henderson and Decatur Scotts Hill
3%
S Weakley Sharon
3%
S Obion South Fulton
3%
S Morgan Sunbright
3%
T Carroll Trezevant
3%
W Bedford Wartrace
3%
W Fayette Williston
3%
W Scott Winfield
3%
B Greene Baileyton
2%
B Benton Big Sandy
2%
B Grainger Blaine
2%
B Hawkins Bulls Gap
2%
C Warren Centertown
2%
C Hawkins Church Hill
2%
D DeKalb Dowelltown
2%
E Giles Elkton
2%
G Crockett Gadsden
2%
G Tipton Gilt Edge
2%
H Hardeman Hickory Valley
2%
M Carroll McLemoresville
2%
M Madison Medon
2%
M McNairy Michie
2%
N Bedford Normandy
2%
O Morgan Oakdale
2%
P Cocke Parrottsville
2%
R Lake Ridgely
2%
R Hamilton Ridgeside
2%
R Obion Rives
2%
S Hardin Saltillo
2%
S Hardeman and Chester Silerton
2%
S Smith South Carthage
2%
A Cannon Auburntown
1%
B Jefferson Baneberry
1%
B Sullivan Bluff City
1%
E McNairy Eastview
1%
E McMinn Englewood
1%
E Franklin Estill Springs
1%
E Lawrence Ethridge
1%
G Rhea Graysville
1%
H Hardeman Hornsby
1%
L Hamilton Lakesite
1%
L Giles Lynnville
1%
M Giles Minor Hill
1%
M Hawkins Mount Carmel
1%
N Jefferson New Market
1%
P Cumberland Pleasant Hill
1%
S Henderson Sardis
1%
S Hardeman Saulsbury
1%
S Dickson Slayden
1%
S Haywood Stanton
1%
S Lawrence St. Joseph
1%
T Houston and Stewart Tennessee Ridge
1%
T Hardeman Toone
1%
T Dyer and Obion Trimble
1%
T Greene Tusculum
1%
V Dickson Vanleer
1%
V Warren Viola
1%
W Hamilton Walden
1%
W Carter Watauga
1%
W Jefferson White Pine
1%
W Obion Woodland Mills
1%
Y Gibson Yorkville
1%
R Anderson and Campbell Rocky Top[9]
0%
S McNairy Stantonville
0%
S Hawkins Surgoinsville
0%
No matching quizzes found
Score Distribution
Percent of People with Each Score
Percentile by Number Answered
Your Score History
You have not taken this quiz